000 00553nam a2200217Ia 4500
003 OSt
005 20220926044610.0
006 a|||||r|||| 00| 0
007 ta
008 220923b |||||||| |||| 00| 0 eng d
037 _cGeneral Book
040 _aRTL
_cRTL
_beng
041 _2eng
_aeng
082 _aV2:2, K1
100 _aRao K V
245 0 _aParlimentary democracy of India
_b A critical comme
260 _c1961
650 _aConstitution - India
942 _hV2:2, K1
_cGB
_2CC
999 _c675293
_d675293